The Delhi Municipal Corporation bill, 1957 (Record no. 488688)

000 -LEADER
fixed length control field 00308cam a22001097a 4500
008 - FIXED-LENGTH DATA ELEMENTS--GENERAL INFORMATION
fixed length control field 180718b1957 xxu||||| |||| 00| 0 eng d
082 ## - DEWEY DECIMAL CLASSIFICATION NUMBER
Classification number B7303x5461 In2ba
100 ## - MAIN ENTRY--PERSONAL NAME
Personal name Delhi Municipal Corporation
245 ## - TITLE STATEMENT
Title The Delhi Municipal Corporation bill, 1957
260 ## - PUBLICATION, DISTRIBUTION, ETC.
Place of publication, distribution, etc. Delhi
Name of publisher, distributor, etc. The author
Date of publication, distribution, etc. 1957
300 ## - PHYSICAL DESCRIPTION
Extent 266+p.
Holdings
Withdrawn status Lost status Damaged status Not for loan Permanent Location Current Location Date acquired Full call number Barcode Date last seen Price effective from Koha item type
        Indian Institute of Public Administration Indian Institute of Public Administration 2018-08-04 B7303x5461 In2ba GG5648 2018-08-04 2018-08-04 GG

Powered by Koha